| 000 | 00908nam a2200265Ia 4500 | ||
|---|---|---|---|
| 003 | GCL | ||
| 008 | 140319s9999 xx 000 0 ara d | ||
| 020 | _a9484232977 | ||
| 040 |
_aGCL / _cGCL |
||
| 082 | 0 | 4 |
_a371.3 _bج ح |
| 100 | 1 | _aجابر عبدالحميد جابر | |
| 245 | 1 | 0 |
_aحجرة الدراسة الفارقة والبنائية / _cجابر عبدالحميد جابر |
| 250 | _aالاولى | ||
| 260 |
_aالقاهرة : _bعالم الكتب ، _c2006 |
||
| 300 |
_a398 ص ؛ _c24 سم |
||
| 650 | 0 | 4 | _aالتعلم |
| 650 | 0 | 4 | _aالطلبة |
| 650 | 0 | 4 | _aالتدريس - طرق |
| 650 | 0 | 4 | _aالفروق الفردية فى التعليم |
| 650 | 0 | 4 | _aالمدارس - تنظيم وادارة |
| 650 | 0 | 4 | _aالفصول الدراسية |
| 650 | 0 | 4 | _aالمدرسون - تطوير |
| 650 | 0 | 4 | _aالطلبة - المشاركة فى الادارة |
| 942 |
_2ddc _cBK |
||
| 999 |
_c9741 _d9741 |
||